| 000 | 00822nam a2200217 a 4500 | ||
|---|---|---|---|
| 005 | 20140310183604.0 | ||
| 008 | 120705s19uu xx 00 eng d | ||
| 020 | _a9781412974226 | ||
| 050 |
_aLB 1139.35.A37 _b.D57 2010 |
||
| 100 | _aDischler, Patricia A. | ||
| 245 |
_aTeaching the 3 Cs : creativity, curiosity, and courtesy : _bactivities that build a foundation for success / _cPatricia A. Dischler. |
||
| 260 |
_aThousand Oaks, Calif : _bCorwin Press, _c2010. |
||
| 300 |
_avii, 175 p. : _bill. ; _c26 cm. |
||
| 500 | _aIncludes bibliographical references and indexes. | ||
| 521 | _aEDU | ||
| 650 |
_aEarly childhood education _xActivity programs |
||
| 650 | _aCreative activities and seat work | ||
| 650 |
_aSocial interaction _xStudy and teaching (Early childhood) |
||
| 942 |
_cBK _2lcc _kFOR |
||
| 999 |
_c25139 _d25139 |
||